| 000 | 00541nam a22001817a 4500 | ||
|---|---|---|---|
| 999 |
_c171710 _d171710 |
||
| 005 | 20200117160525.0 | ||
| 010 | _a20563 | ||
| 020 |
_cN.A. _a- |
||
| 037 |
_bBPPD/Pub. _a20563 |
||
| 082 | _a841 | ||
| 100 | _a محمد مو من خا ن | ||
| 245 |
_aد يو ا ن مو من _cمحمد مو من خا ن |
||
| 246 |
_bDewan -e-Momin (Urdu) _aby Mohd.Momin Khan |
||
| 260 |
_aAlahbad _bShanti Press _c1962 ء |
||
| 270 |
_aAlahabad _bU.P. _e2 _k- _l- |
||
| 300 |
_a267 ص _c22 Cm(Hb) |
||
| 942 |
_2ddc _cUR _h841 _kم ح م |
||